The very hungry caterpillar's ABC / (Record no. 31796)

MARC details
000 -LEADER
fixed length control field 01174nam a2200301 i 4500
001 - CONTROL NUMBER
control field zcodcb b6880200
003 - CONTROL NUMBER IDENTIFIER
control field PWmBRO
005 - DATE AND TIME OF LATEST TRANSACTION
control field 20260130033358.0
008 - FIXED-LENGTH DATA ELEMENTS--GENERAL INFORMATION
fixed length control field 160503s2016 nyua a 000 1 eng d
020 ## - INTERNATIONAL STANDARD BOOK NUMBER
International Standard Book Number 9780399539992
020 ## - INTERNATIONAL STANDARD BOOK NUMBER
International Standard Book Number 0399539999
040 ## - CATALOGING SOURCE
Original cataloging agency PABRO
Language of cataloging eng
Transcribing agency PABRO
Description conventions rda
100 1# - MAIN ENTRY--PERSONAL NAME
Personal name Carle, Eric,
Relator term author,
-- illustrator.
245 14 - TITLE STATEMENT
Title The very hungry caterpillar's ABC /
Statement of responsibility, etc. Eric Carle.
264 #1 - PRODUCTION, PUBLICATION, DISTRIBUTION, MANUFACTURE, AND COPYRIGHT NOTICE
Place of production, publication, distribution, manufacture New York :
Name of producer, publisher, distributor, manufacturer Grosset & Dunlap,
Date of production, publication, distribution, manufacture, or copyright notice 2016.
300 ## - PHYSICAL DESCRIPTION
Extent 1 volume (unpaged) :
Other physical details color illustrations ;
Dimensions 18 cm.
336 ## - CONTENT TYPE
Content type term text
Content type code txt
Source rdacontent.
337 ## - MEDIA TYPE
Media type term unmediated
Media type code n
Source rdamedia.
338 ## - CARRIER TYPE
Carrier type term volume
Carrier type code nc
Source rdacarrier.
520 ## - SUMMARY, ETC.
Summary, etc. A bright and beautiful alphabet book featuring Eric Carle's wonderful creatures. Explore the amazing animal alphabet with The Very Hungry Caterpillar in this delightful board book. Featuring Eric Carle's bright, distinctive artwork, each letter introduces beloved animals, big and small.
650 #0 - SUBJECT ADDED ENTRY--TOPICAL TERM
Topical term or geographic name as entry element Animals
Form subdivision Juvenile fiction.
650 #0 - SUBJECT ADDED ENTRY--TOPICAL TERM
Topical term or geographic name as entry element Alphabet
Form subdivision Juvenile fiction.
650 #0 - SUBJECT ADDED ENTRY--TOPICAL TERM
Topical term or geographic name as entry element Board books.
650 #1 - SUBJECT ADDED ENTRY--TOPICAL TERM
Topical term or geographic name as entry element Animals
Form subdivision Fiction.
650 #1 - SUBJECT ADDED ENTRY--TOPICAL TERM
Topical term or geographic name as entry element Alphabet
Form subdivision Fiction.
907 ## - LOCAL DATA ELEMENT G, LDG (RLIN)
a .b343780549
942 ## - ADDED ENTRY ELEMENTS (KOHA)
Koha item type Libro/Book
Holdings
Withdrawn status Lost status Damaged status Not for loan Home library Current library Date acquired Total Checkouts Full call number Barcode Date last seen Price effective from Koha item type
        San Juan Del Sur -- Biblioteca San Juan Del Sur -- Biblioteca 30/01/2026   JI 30020325 30/01/2026 30/01/2026 Libro/Book

Powered by Koha